000
00216nam a22000857a 4500
999
_c
11413
_d
11413
008
190416b ||||| |||| 00| 0 eng d
100
_a
Danko Dan
_9
7145
245
_a
Leonardo Da Vinci
260
_a
New Delhi
_b
Campfire
_c
2016